|
|
|
|
| LEADER |
01870nam a2200325 a 4500 |
| 001 |
53084013 |
| 008 |
090630r2002 njua b 001 0 eng d |
| 010 |
|
|
|a 2003066351
|
| 020 |
|
|
|a 8120320980
|
| 020 |
|
|
|a 8178086492
|
| 040 |
|
|
|a DLC
|c DLC
|d YDX
|d EQF
|
| 082 |
0 |
0 |
|a 658
|2 22
|
| 100 |
1 |
|
|a Robbins, Stephen P.,
|d 1943-
|
| 245 |
1 |
0 |
|a Management /
|c Stephen P. Robbins, Mary Coulter.
|
| 250 |
|
|
|a 7th ed.
|
| 260 |
|
|
|a India:
|b Pearson Education/ prentice Hall,
|c 2002 [reprinted]
|
| 300 |
|
|
|a xix, 675 p. :
|b ill. ;
|c 20 cm.
|
| 504 |
|
|
|a Includes bibliographical notes and index.
|
| 541 |
1 |
|
|e 00008730
|
| 650 |
|
0 |
|a Management.
|
| 700 |
1 |
|
|a Coulter, Mary
|
| 852 |
4 |
|
|a Ayesha Abed Library
|j General Shelf.
|
| 942 |
0 |
0 |
|0 9
|
| 999 |
|
|
|c 4972
|d 4972
|
| 952 |
|
|
|0 0
|1 0
|2 ddc
|4 1
|6 658_000000000000000_ROB_2002
|7 0
|9 4793
|a BRACUL
|b BRACUL
|c SPS
|d 2009-11-01
|g 0.00
|l 18
|m 99
|o 658 ROB
|p 3010008730
|r 2017-09-26
|s 2017-08-17
|t 1
|w 2009-11-01
|y BK
|x No price found in the accession register.
|
| 952 |
|
|
|0 0
|1 0
|2 ddc
|4 0
|6 658_ROB_200200000000000
|7 0
|9 4794
|a BRACUL
|b BRACUL
|c GEN
|d 2009-11-01
|g 0.00
|l 10
|m 121
|o 658 ROB
|p 3010008605
|r 2023-01-03
|s 2022-09-25
|t 3
|w 2009-11-01
|y BK
|x No price found in the accession register.
|
| 952 |
|
|
|0 0
|1 0
|2 ddc
|4 1
|6 658_000000000000000_ROB_2002
|7 0
|9 7650
|a BRACUL
|b BRACUL
|c SPS
|d 2010-02-01
|l 18
|m 122
|o 658 ROB
|p 3010008731
|r 2017-05-03
|s 2017-03-12
|t 2
|w 2010-02-01
|y BK
|
| 952 |
|
|
|0 0
|1 0
|2 ddc
|4 1
|6 658_000000000000000_ROB_2002
|7 0
|9 7697
|a BRACUL
|b BRACUL
|c SPS
|d 2010-02-02
|l 14
|m 81
|o 658 ROB
|p 3010008733
|r 2017-08-21
|s 2017-05-07
|t 4
|w 2010-02-02
|y BK
|
| 952 |
|
|
|0 0
|1 0
|2 ddc
|4 1
|6 658_000000000000000_ROB_2002
|7 0
|9 8559
|a BRACUL
|b BRACUL
|c SPS
|d 2010-03-10
|l 9
|m 43
|o 658 ROB
|p 3010008734
|r 2017-08-17
|s 2017-05-07
|t 5
|w 2010-03-10
|y BK
|
| 952 |
|
|
|0 0
|1 0
|2 ddc
|4 1
|6 658_000000000000000_ROB_2002
|7 0
|9 8592
|a BRACUL
|b BRACUL
|c SPS
|d 2010-03-15
|l 26
|m 185
|o 658 ROB
|p 3010008732
|r 2017-09-24
|s 2017-05-03
|t 6
|w 2010-03-15
|y BK
|